Seminario de Arquitectura Latinoamericana. Pensamiento construido, la investigación en Arquitectura y Urbanismo en Latinoamérica: resúmenes de ponencias
محفوظ في:
| المؤلف الرئيسي: | |
|---|---|
| مؤلف مشترك: | |
| التنسيق: | كتاب |
| اللغة: | الإسبانية البرتغالية |
| منشور في: |
Concepción
Universidad del Bío-Bío
2007
|
| الموضوعات: | |
| الوسوم: |
إضافة وسم
لا توجد وسوم, كن أول من يضع وسما على هذه التسجيلة!
|
MARC
| LEADER | 00000nam a2200000 a 4500 | ||
|---|---|---|---|
| 001 | UCI7732 | ||
| 003 | CL-VaPUC | ||
| 005 | 20240701123720.0 | ||
| 008 | 080718e20070000cl 1 spa d | ||
| 999 | |c 384373 |d 384371 | ||
| 020 | |a 9789563109047 | ||
| 040 | |c Pontificia Universidad Católica de Valparaíso | ||
| 041 | 0 | 7 | |a spa |2 CL-VaPUC |
| 041 | 0 | 7 | |a por |2 CL-VaPUC |
| 082 | 0 | 4 | |a 720.98 MUÑ 2007 |2 21 |
| 100 | 1 | |a Muñoz R., María Dolores |9 621238 | |
| 110 | 2 | |a Universidad del Bío-Bío |9 621239 | |
| 245 | 1 | 0 | |a Seminario de Arquitectura Latinoamericana. Pensamiento construido, la investigación en Arquitectura y Urbanismo en Latinoamérica: resúmenes de ponencias |
| 260 | |a Concepción |b Universidad del Bío-Bío |c 2007 | ||
| 300 | |a 243 páginas | ||
| 518 | |p Seminario de Arquitectura Latinoamericana, 12, Concepción-Chiloé, 2007 | ||
| 546 | |a En Español | ||
| 546 | |a En Portugués | ||
| 583 | |a last modification |c 20190828 11:02:20 |k Rodrigo Vera | ||
| 650 | 0 | 0 | |a Arquitectura latinoamericana |9 440705 |
| 650 | 0 | 7 | |a DESARROLLO URBANO |2 CL-VaPUC |9 621240 |
| 650 | 0 | 0 | |a Planificación urbana |9 258176 |
| 650 | 0 | 0 | |a Espacios públicos |9 468964 |
| 650 | 0 | 0 | |a Urbanización |9 265706 |
| 942 | |c BK |2 ddc | ||
| 945 | |a jtorresc |d 20080718 00:00:00 | ||
| 952 | |0 0 |1 0 |2 ddc |4 0 |6 720_980000000000000_MUÑ_2007 |7 0 |8 A |9 507042 |a BIBARQ |b BIBARQ |d 2020-01-23 |i 4458087 |o 720.98 MUÑ 2007 |p 4458087 |r 2025-01-20 |t 1 |w 2020-01-23 |y BK |k ARQ | ||